00363nam a2200085 4500008004100000082001700041245016600058260004400224300000900268230612b xxu||||| |||| 00| 0 eng d a354.676bGOK a2010/2011 Annex of Estimates of Revenue and Expenditure of State Corporations of the Government of Kenya for the Year Ending 30th June 2011 cGovernment of Kenya aNairobibGovernment of KenyacJune 2010 a93 p